000 01080cad a22002655a 4500
001 L155794
008 120417e20120105xxkd f s 000 0 eng d
035 _a(Sirsi) u155794
041 0 _aeng
110 2 _aRoyal Institution of Chartered Surveyors
_bEconomics
_95033
245 0 0 _aRICS global real estate weekly
_b10 February 2012
_h[electronic resource]
260 _aLondon
_bRICS
_c2012
490 0 _aRICS Global Real Estate Weekly
_v10 February 2012
520 _aBleak house for Euro area builders. Brazilian commercial property market benefits from strong credit growth. Residential market improving in New Zealand. Japanese commercial property market showing signs of life.
590 _aKA
650 2 4 _aRICS GLOBAL REAL ESTATE WEEKLY
651 4 _aEurope
651 4 _aBrazil
651 4 _aNew Zealand
651 4 _aJapan
690 _aCommercial property
_96227
690 _aResidential property
_96266
856 4 0 _uhttps://www.rics.org/site/download_feed.aspx?fileID=11277&fileExtension=PDF
_zView the report free of charge at www.rics.org
942 _n0
999 _c113829
_d113829